Tianjin City Quiz - Statistics

General Stats
  • This quiz has been taken 10 times
  • The average score is 6 of 20
Answer Stats
Hint Answer % Correct
Municipality that Tianjin borders Beijing
100%
Province that Tianjin borders Hebei
100%
This river is mostly formed by this canal Grand Canal
50%
River that drains into the Bohai Sea at Tianjin Hai River
50%
Ferris wheel located on a bridge on this river (not the canal) Tianjin Eye
38%
Tallest mountain in Tianjin, located northwest of the city Mount Pan
25%
French-style building embellished by porcelain Porcelain House
25%
Group of buildings with European architecture on five streets Wudadao
25%
Ancient town of the Qing Dynasty located in western Tianjin Yangliuqing Ancient Town
25%
Emperor of the Ming Dynasty who gave Tianjin its name Yongle Emperor
25%
City park in Tianjin built by Yuan Shikai as a botanical garden Beining Park
13%
Fortress of the Mind Dynasty near the mouth of this river Dagukou
13%
Ancient temple of the Liao Dynasty in northern Tianjin Dule Temple
13%
Section of the Great Wall that passes through northwest Tianjin Huangyaguan
13%
Longest and most known shopping street in Tianjin Jin Jie (Gold Street)
13%
Nickname for Tianjin Ancient Culture Street Jinmenguli
13%
Mountain scenic area known for its scenery in northern Tianjin Limutai Scenic Area
13%
Museum in eastern Tianjin that opened in 2019 National Maritime Museum
13%
What “Tianjin” means in Chinese Port of the Heavens
13%
Villa and hotel in this district where Prince Qing once lived Prince Qing’s Mansion
13%
No matching quizzes found
Score Distribution
Percent of People with Each Score
Percentile by Number Answered
Your Score History
You have not taken this quiz